U.S. States With the Best Music Per Capita - Statistics

General Stats
  • This quiz has been taken 27 times
  • The average score is 11 of 15
Answer Stats
State # Per Capita % Correct
California 473 11.96
92%
Illinois 102 7.96
92%
Texas 216 7.41
88%
Pennsylvania 77 5.92
84%
Tennessee 119 17.22
84%
Washington 92 11.94
84%
Alabama 34 6.77
76%
Nevada 17 5.48
76%
Kentucky 53 11.76
72%
New Jersey 103 11.09
72%
Oklahoma 206 52.03
72%
Ohio 128 10.85
68%
Michigan 63 6.25
64%
Massachusetts 40 5.69
60%
Vermont 28 43.54
44%
No matching quizzes found
Score Distribution
Percent of People with Each Score
Percentile by Number Answered
Your Score History
You have not taken this quiz